A Quiz on Tony Blair - Statistics

General Stats
  • This quiz has been taken 163 times
    135 since last reset
  • The average score is 13 of 15
Answer Stats
Hint Answer % Correct
His party Labour
100%
2003 conflict he controversially supported Iraq War
97%
Former PM whose policies he continued, leading to the term "Blatcherism" Margaret Thatcher
97%
Chancellor of the Exchequer who succeded him as PM Gordon Brown
96%
In a famous eulogy, he called her "The People's Princess" Diana
94%
He fostered the United Kingdom's "Special Relationship" with this country United States
93%
Deal that largely brought peace to Ireland, in 1998 Good Friday Agreement
90%
He graduated from this university Oxford
90%
He allowed this institution to set interest rates Bank of England
85%
Profession Barrister
85%
Blair converted to this religious confession in 2007 Catholicism
79%
City of birth Edinburgh
79%
His wife Cherie
78%
He is friends with this Australian media mogul Rupert Murdoch
75%
Dog breed Blair was likened to due to his close alliance with George W. Bush Poodle
43%
No matching quizzes found
Score Distribution
Percent of People with Each Score
Percentile by Number Answered
Your Score History
You have not taken this quiz since the last reset